Epikeia Revista de Derecho y Polt̕ica

Detalles Bibliográficos
Formato: Desconocido
Lenguaje:español
Publicado: Mx̌ico : Universidad Iberoamericana Len̤
Materias:
Acceso en línea:Acceso restringido

MARC

LEADER 00000ny a22000003n 4500
005 20110513112510.0
008 071017c19uu9999mx qr pss 0 a0spa d
035 |a 4764  
040 |a BUS  |d vLex 
090 |c 1854  |d 1854 
245 3 0 |a Epikeia  |h [Recurso electrn̤ico]  |b Revista de Derecho y Polt̕ica 
256 |a Servicio en ln̕ea 
260 |a Mx̌ico :  |b Universidad Iberoamericana Len̤  
310 |a Trimestral 
506 1 |a Contenido solo disponible en los productos indicados  |d vLex Global  |d vLex Global (Academic Edition, excluding Law Schools)  |d vLex Global (U.S. Academic Edition, Law Schools)  |d vLex Global (U.S. Academic Edition, excluding Law Schools)  |d vLex Global (Academic Edition, Law Schools) 
650 0 4 |a Derecho  |z Mx̌ico  |x Publicaciones perid̤icas 
650 0 4 |a Polt̕ica  |z Mx̌ico  |x Publicaciones perid̤icas 
740 0 |a vLex Revista (Servicios en ln̕ea) 
843 |a Electrn̤ica. Abierta 
853 |8 1  |i (year)  |j (month)  |k (day) 
856 4 0 |z Acceso restringido  |u http://vlex.com/account/login_ip?fuente_id=4764  
942 |c REV